000 00810nam a2200253 i 4500
001 bg
245 0 0 _aPodstawy teorii sterowania /
_cTadeusz Kaczorek [et al.].
260 _aWarszawa :
_bWydawnictwa Naukowo-Techniczne,
_c2005.
300 _a489, [1] s. :
_brys., wykr. ;
_c24 cm.
504 _aBibliogr. s. 475-483. Indeks.
650 9 _aSterowanie
_xteoria
655 _aPodręczniki akademickie
700 1 _aKaczorek, Tadeusz
_d(1932- ).
015 _aPB 8869/2005
020 _a8320429676
040 _cBPK
041 0 _apol
080 _a519.7
080 _a(075.8)
920 _a83-204-2967-6
942 _cKS
008 s pl f |000 0 pol
999 _c51518
_d51518
856 _uhttp://koha.tu.koszalin.pl/cgi-bin/koha/opac-detail.pl?biblionumber=51518
_yKatalog online BPK